[Event "Liga Madrileña - DH 2013-2014"]
[Site "Madrid ESP"]
[Date "2013.11.24"]
[Round "2.34"]
[White "Garrido Olivares, Ricard"]
[Black "Ortega Ruiz, Jose Miguel"]
[Result "0-1"]
[WhiteElo "2216"]
[BlackElo "2366"]
[PlyCount "82"]
[EventDate "2013.11.18"]
[EventType "team-tourn"]
[EventRounds "14"]
[EventCountry "ESP"]
[Source "lmi"]
[SourceDate "2013.11.18"]
[WhiteTeam "Blanco y Negro"]
[BlackTeam "Collado Villalba"]
[WhiteTeamCountry "ESP"]
[BlackTeamCountry "ESP"]

1. c4 Nf6 2. Nf3 g6 3. Nc3 Bg7 4. d4 O-O 5. Bf4 d6 6. e3 Nfd7 7. h3 e5 8. Bh2
Nc6 9. Be2 f5 10. O-O h6 11. Rb1 g5 12. dxe5 dxe5 13. Nd5 a5 14. b3 Ncb8 15.
Qc2 c6 16. Nc3 Na6 17. g4 f4 18. Ne4 Ndc5 19. Rfd1 Qe7 20. Nfd2 h5 21. Nxc5
Nxc5 22. Qg6 e4 23. Qxh5 Be6 24. h4 Rad8 25. Qxg5 Qxg5 26. hxg5 f3 27. Nxf3
exf3 28. Bxf3 Rxd1+ 29. Bxd1 Ne4 30. Bf4 Nc3 31. Rc1 Nxa2 32. Rc2 Nc3 33. Bf3
a4 34. bxa4 Bxc4 35. a5 Bd5 36. Bxd5+ Nxd5 37. Bd6 Ra8 38. e4 Nc3 39. f3 Rxa5
40. Bb4 Ra1+ 41. Kg2 Ra2 0-1

[Event "Liga Madrileña - DH 2013-2014"]
[Site "Madrid ESP"]
[Date "2013.11.24"]
[Round "2.35"]
[White "Martinez Rodriguez, Pablo"]
[Black "Rivas Vila, David"]
[Result "1-0"]
[WhiteElo "2277"]
[BlackElo "2211"]
[PlyCount "135"]
[EventDate "2013.11.18"]
[EventType "team-tourn"]
[EventRounds "14"]
[EventCountry "ESP"]
[Source "lmi"]
[SourceDate "2013.11.18"]
[WhiteTeam "Collado Villalba"]
[BlackTeam "Blanco y Negro"]
[WhiteTeamCountry "ESP"]
[BlackTeamCountry "ESP"]

1. g3 g6 2. Bg2 Bg7 3. e4 c5 4. d3 Nc6 5. c3 d6 6. Ne2 e6 7. Be3 Nge7 8. Qd2 h6
9. Na3 Rb8 10. d4 cxd4 11. Nxd4 a6 12. Rd1 d5 13. O-O dxe4 14. Nxc6 Qxd2 15.
Rxd2 Nxc6 16. Bxe4 O-O 17. Bc5 Re8 18. Bd6 Ra8 19. Nc4 a5 20. Nb6 Ra6 21. Bc5
a4 22. Rfd1 Bf6 23. Kg2 Kg7 24. a3 Ra5 25. Be3 Ne5 26. f4 Nc6 27. Nc4 Ra6 28.
Bd3 Ne7 29. Nb6 Ra5 30. Bc2 Nf5 31. Bf2 e5 32. Bxa4 Rh8 33. fxe5 Rxe5 34. Nxc8
Rxc8 35. Bd7 Rc7 36. Bxf5 Rxf5 37. Rd5 Rxd5 38. Rxd5 g5 39. g4 Rc4 40. Bd4 Bxd4
41. Rxd4 Rc7 42. Kf3 Kg6 43. Rd6+ f6 44. Rb6 Rf7 45. Ke4 Re7+ 46. Kd3 Rf7 47.
Ke4 Re7+ 48. Kf3 Rf7 49. a4 h5 50. h3 hxg4+ 51. hxg4 Rd7 52. Ke3 Re7+ 53. Kd4
Rd7+ 54. Kc5 Rc7+ 55. Kd5 Rd7+ 56. Ke6 Rc7 57. a5 Rc5 58. b4 Rxc3 59. Rxb7 Re3+
60. Kd5 Rd3+ 61. Kc5 Rc3+ 62. Kb5 f5 63. Rb6+ Kf7 64. gxf5 Rf3 65. Rb7+ Kf6 66.
a6 Rxf5+ 67. Kb6 Rf1 68. a7 1-0

[Event "Liga Madrileña - DH 2013-2014"]
[Site "Madrid ESP"]
[Date "2013.11.24"]
[Round "2.36"]
[White "Aguado Solana, Juan"]
[Black "Pastor Alonso de Prado, Alberto"]
[Result "0-1"]
[WhiteElo "2099"]
[BlackElo "2159"]
[PlyCount "48"]
[EventDate "2013.11.18"]
[EventType "team-tourn"]
[EventRounds "14"]
[EventCountry "ESP"]
[Source "lmi"]
[SourceDate "2013.11.18"]
[WhiteTeam "Blanco y Negro"]
[BlackTeam "Collado Villalba"]
[WhiteTeamCountry "ESP"]
[BlackTeamCountry "ESP"]

1. e4 e5 2. Nf3 Nc6 3. Bb5 Bc5 4. c3 Qf6 5. O-O Nge7 6. d4 exd4 7. Bg5 Qg6 8.
cxd4 Nxd4 9. Nxd4 Qxg5 10. Nc3 O-O 11. Kh1 c6 12. f4 Qh6 13. Bc4 d5 14. Nb3 Be3
15. exd5 Bxf4 16. g3 Bxg3 17. Qe2 b5 18. Ne4 bxc4 19. Nxg3 cxb3 20. Qxe7 cxd5
21. Rae1 Bh3 22. Nf5 Bxf5 23. Rxf5 bxa2 24. Qb7 Qe6 0-1

[Event "Liga Madrileña - DH 2013-2014"]
[Site "Madrid ESP"]
[Date "2013.11.24"]
[Round "2.41"]
[White "Roa Alonso, Santiago"]
[Black "Candela Perez, Jose"]
[Result "1/2-1/2"]
[WhiteElo "2401"]
[BlackElo "2447"]
[PlyCount "111"]
[EventDate "2013.11.18"]
[EventType "team-tourn"]
[EventRounds "14"]
[EventCountry "ESP"]
[Source "lmi"]
[SourceDate "2013.11.18"]
[WhiteTeam "Vallecas CDV"]
[BlackTeam "La Casa del Ajedrez"]
[WhiteTeamCountry "ESP"]
[BlackTeamCountry "ESP"]

1. e4 c5 2. Nf3 d6 3. d4 cxd4 4. Nxd4 Nf6 5. Nc3 a6 6. Be2 e6 7. O-O Be7 8. Kh1
Nc6 9. Be3 O-O 10. a4 Qc7 11. f4 Re8 12. Bf3 Rb8 13. Nb3 b6 14. g4 Bb7 15. g5
Nd7 16. Bg2 Nb4 17. Rf2 Rbc8 18. Qg4 Bf8 19. Qh3 g6 20. Rd1 Bg7 21. Rfd2 Bf8
22. e5 Bxg2+ 23. Qxg2 d5 24. h4 Nc5 25. Nd4 Qd7 26. Ra1 Qb7 27. Nde2 Rc7 28. h5
Rec8 29. hxg6 hxg6 30. Ng3 Nd7 31. Rf1 Be7 32. Qf3 Rxc3 33. bxc3 Rxc3 34. Ne2
Rxc2 35. Rxc2 Nxc2 36. Nd4 Nxd4 37. Bxd4 Qc6 38. Ra1 Qc2 39. a5 Bc5 40. Qe3
bxa5 41. Bxc5 Nxc5 42. Rc1 Qe4+ 43. Qxe4 Nxe4 44. Rc8+ Kg7 45. Kg2 a4 46. Rc6
a5 47. Ra6 Nc3 48. Rxa5 Kf8 49. Kf2 Ke8 50. Ke3 Kf8 51. Kd3 Ne4 52. Kd4 Kg7 53.
Rxa4 Kf8 54. Ra8+ Ke7 55. Ra7+ Ke8 56. Ra8+ 1/2-1/2

[Event "Liga Madrileña - DH 2013-2014"]
[Site "Madrid ESP"]
[Date "2013.11.24"]
[Round "2.42"]
[White "Rojo Huerta, Gabriel"]
[Black "Martin Duque, Jesus"]
[Result "1/2-1/2"]
[WhiteElo "2373"]
[BlackElo "2233"]
[PlyCount "57"]
[EventDate "2013.11.18"]
[EventType "team-tourn"]
[EventRounds "14"]
[EventCountry "ESP"]
[Source "lmi"]
[SourceDate "2013.11.18"]
[WhiteTeam "La Casa del Ajedrez"]
[BlackTeam "Vallecas CDV"]
[WhiteTeamCountry "ESP"]
[BlackTeamCountry "ESP"]

1. d4 d5 2. c4 c6 3. Nf3 Nf6 4. e3 Bf5 5. cxd5 cxd5 6. Qb3 Qc7 7. Bd2 Nc6 8.
Bb5 e6 9. O-O Bd6 10. Bb4 O-O 11. Bxc6 bxc6 12. Nbd2 Rfb8 13. Bxd6 Qxd6 14. Qc3
Qb4 15. Qxb4 Rxb4 16. b3 Nd7 17. Rfc1 Rb6 18. Rc3 a5 19. Rac1 Raa6 20. Ne5 Nb8
21. g4 Bg6 22. h4 f6 23. Nxg6 hxg6 24. e4 Rb4 25. exd5 Rxd4 26. dxc6 Nxc6 27.
Rxc6 Rxc6 28. Rxc6 Rxd2 29. Rxe6 1/2-1/2

[Event "Liga Madrileña - DH 2013-2014"]
[Site "Madrid ESP"]
[Date "2013.11.24"]
[Round "2.43"]
[White "Montanes Arribas, Adrian"]
[Black "Bass, Leonid"]
[Result "1-0"]
[WhiteElo "2220"]
[BlackElo "2417"]
[PlyCount "93"]
[EventDate "2013.11.18"]
[EventType "team-tourn"]
[EventRounds "14"]
[EventCountry "ESP"]
[Source "lmi"]
[SourceDate "2013.11.18"]
[WhiteTeam "Vallecas CDV"]
[BlackTeam "La Casa del Ajedrez"]
[WhiteTeamCountry "ESP"]
[BlackTeamCountry "ESP"]

1. e4 d6 2. d4 Nf6 3. Nc3 e5 4. Nf3 Nbd7 5. Bc4 Be7 6. O-O O-O 7. Re1 c6 8. a4
h6 9. h3 Re8 10. Ba2 Qc7 11. Be3 Bf8 12. Qd2 a5 13. Rad1 Nb8 14. Nh4 Na6 15.
Ng6 Nb4 16. Bb3 Be6 17. Bxe6 Rxe6 18. Nxf8 Rxf8 19. dxe5 dxe5 20. f3 b6 21. Ne2
c5 22. Nc3 Nc6 23. Nb5 Qb8 24. c3 Rd8 25. Qe2 Ree8 26. Rxd8 Rxd8 27. Rd1 Rxd1+
28. Qxd1 Qd8 29. Qd6 Qxd6 30. Nxd6 Nd7 31. Kf2 Kf8 32. Ke2 Ke7 33. Nf5+ Kf6 34.
Kd3 Ne7 35. Nd6 Ke6 36. Ne8 g5 37. Kc4 f6 38. Kb5 Nc8 39. Kc6 Ke7 40. Nc7 h5
41. Bd2 h4 42. b4 cxb4 43. cxb4 axb4 44. Bxb4+ Kd8 45. Ne6+ Ke8 46. Kc7 Ne7 47.
Ng7+ 1-0

[Event "Liga Madrileña - DH 2013-2014"]
[Site "Madrid ESP"]
[Date "2013.11.24"]
[Round "2.44"]
[White "Unciti Juan, Javier"]
[Black "Madurga Lopez, Ignacio"]
[Result "1-0"]
[WhiteElo "2152"]
[BlackElo "2088"]
[PlyCount "61"]
[EventDate "2013.11.18"]
[EventType "team-tourn"]
[EventRounds "14"]
[EventCountry "ESP"]
[Source "lmi"]
[SourceDate "2013.11.18"]
[WhiteTeam "La Casa del Ajedrez"]
[BlackTeam "Vallecas CDV"]
[WhiteTeamCountry "ESP"]
[BlackTeamCountry "ESP"]

1. e4 c5 2. Nf3 d6 3. d4 cxd4 4. Nxd4 Nf6 5. Nc3 Nc6 6. Bg5 e6 7. f3 Qa5 8. Be3
a6 9. Nb3 Qc7 10. Qd2 b5 11. O-O-O Rb8 12. Qf2 h5 13. Be2 Ne5 14. h3 Bd7 15. f4
Nc4 16. Bxc4 bxc4 17. Nd4 Qb7 18. Qf3 e5 19. Nf5 Bxf5 20. exf5 e4 21. Qe2 d5
22. Bd4 Qxb2+ 23. Kd2 Qa3 24. Nxd5 Nxd5 25. Qxe4+ Ne7 26. Rhe1 Qa5+ 27. Bc3
Rd8+ 28. Kc1 Qc7 29. Ba5 Rxd1+ 30. Rxd1 Qc6 31. Rd8# 1-0

[Event "Liga Madrileña - DH 2013-2014"]
[Site "Madrid ESP"]
[Date "2013.11.24"]
[Round "2.45"]
[White "Montoya Pecurul, Marc"]
[Black "Collado Barbas, Laura"]
[Result "1-0"]
[WhiteElo "2092"]
[BlackElo "2133"]
[PlyCount "97"]
[EventDate "2013.11.18"]
[EventType "team-tourn"]
[EventRounds "14"]
[EventCountry "ESP"]
[Source "lmi"]
[SourceDate "2013.11.18"]
[WhiteTeam "Vallecas CDV"]
[BlackTeam "La Casa del Ajedrez"]
[WhiteTeamCountry "ESP"]
[BlackTeamCountry "ESP"]

1. e4 e6 2. d4 d5 3. Nc3 Nc6 4. Nf3 Nf6 5. exd5 exd5 6. Bb5 Bb4 7. O-O O-O 8.
Bxc6 bxc6 9. Ne5 c5 10. dxc5 Bxc5 11. Bg5 Ba6 12. Re1 Re8 13. Qf3 Bb7 14. Ng4
Rxe1+ 15. Rxe1 Be7 16. Bxf6 Bxf6 17. Nxf6+ Qxf6 18. Qxf6 gxf6 19. Re7 Rc8 20.
Nb5 a6 21. Nd4 Kf8 22. Nf5 Bc6 23. f3 a5 24. Kf2 d4 25. Re1 Bd5 26. Nxd4 Bxa2
27. b3 a4 28. Ra1 axb3 29. cxb3 c5 30. Rxa2 cxd4 31. Rb2 Ke7 32. b4 Kd6 33. Ke2
Rb8 34. Kd3 Kd5 35. b5 Re8 36. b6 Re3+ 37. Kd2 Re8 38. b7 Rb8 39. Kd3 Kc5 40.
f4 h5 41. g3 f5 42. Rb1 f6 43. Rb2 Kc6 44. Kxd4 Rd8+ 45. Kc4 Rb8 46. Rb5 Kd6
47. Rxf5 Ke6 48. Rb5 Kd6 49. Rb6+ 1-0

[Event "Liga Madrileña - DH 2013-2014"]
[Site "Madrid ESP"]
[Date "2013.11.24"]
[Round "2.46"]
[White "Duran Sampedroo, David"]
[Black "Morona Minguez, Irene"]
[Result "1-0"]
[WhiteElo "2030"]
[BlackElo "1983"]
[PlyCount "89"]
[EventDate "2013.11.18"]
[EventType "team-tourn"]
[EventRounds "14"]
[EventCountry "ESP"]
[Source "lmi"]
[SourceDate "2013.11.18"]
[WhiteTeam "La Casa del Ajedrez"]
[BlackTeam "Vallecas CDV"]
[WhiteTeamCountry "ESP"]
[BlackTeamCountry "ESP"]

1. d4 Nf6 2. Bg5 g6 3. Bxf6 exf6 4. c4 Bg7 5. Nc3 d6 6. g3 f5 7. Bg2 O-O 8. e3
Nd7 9. Nge2 Nf6 10. O-O Be6 11. Qd3 d5 12. Nf4 dxc4 13. Qe2 c6 14. Nxe6 fxe6
15. Qxc4 Qd7 16. b4 Nd5 17. a4 Rac8 18. Qb3 a6 19. Rfc1 b5 20. axb5 axb5 21.
Ra6 Ra8 22. Rca1 Qb7 23. R6a5 Rfe8 24. Bxd5 exd5 25. Qa3 Rxa5 26. Qxa5 Bf8 27.
Ne2 Bd6 28. Nc1 Kf7 29. Nd3 Ke6 30. h4 Kd7 31. Kg2 Re7 32. Kf3 Ke6 33. Qd8 Qc7
34. Qg8+ Kf6 35. Ra8 Rg7 36. Qh8 Qd7 37. Re8 g5 38. Ne5 g4+ 39. Kg2 Bxe5 40.
Rxe5 Kg6 41. Qf8 Rf7 42. Qg8+ Rg7 43. Qe6+ Qxe6 44. Rxe6+ Kf7 45. Rxc6 1-0

[Event "Liga Madrileña - DH 2013-2014"]
[Site "Madrid ESP"]
[Date "2013.11.30"]
[Round "3.11"]
[White "Aranda Marin, Cristian"]
[Black "Roa Alonso, Santiago"]
[Result "1/2-1/2"]
[WhiteElo "2303"]
[BlackElo "2401"]
[PlyCount "56"]
[EventDate "2013.11.18"]
[EventType "team-tourn"]
[EventRounds "14"]
[EventCountry "ESP"]
[Source "lmi"]
[SourceDate "2013.11.18"]
[WhiteTeam "San Fernando de Henares"]
[BlackTeam "Vallecas CDV"]
[WhiteTeamCountry "ESP"]
[BlackTeamCountry "ESP"]

1. d4 d5 2. Nf3 Nf6 3. c4 e6 4. g3 Bb4+ 5. Bd2 Be7 6. Bg2 O-O 7. O-O c6 8. Qc2
b6 9. Bf4 Bb7 10. Nbd2 Na6 11. Rfd1 Rc8 12. e4 c5 13. exd5 exd5 14. Bh3 Nb4 15.
Qc3 dxc4 16. Bxc8 Qxc8 17. Re1 Nfd5 18. Qxc4 Nxf4 19. Rxe7 Ba6 20. Qb3 Nbd3 21.
Ng5 c4 22. Qa3 h6 23. Ngf3 Nh3+ 24. Kg2 c3 25. Qxc3 Ndf4+ 26. Kh1 Nxf2+ 27. Kg1
N2h3+ 28. Kh1 Nf2+ 1/2-1/2

[Event "Liga Madrileña - DH 2013-2014"]
[Site "Madrid ESP"]
[Date "2013.11.30"]
[Round "3.12"]
[White "Garcia Callejo, Jesus"]
[Black "Fernandez Blazquez, Diego"]
[Result "1-0"]
[WhiteElo "2224"]
[BlackElo "2195"]
[PlyCount "85"]
[EventDate "2013.11.18"]
[EventType "team-tourn"]
[EventRounds "14"]
[EventCountry "ESP"]
[Source "lmi"]
[SourceDate "2013.11.18"]
[WhiteTeam "Vallecas CDV"]
[BlackTeam "San Fernando de Henares"]
[WhiteTeamCountry "ESP"]
[BlackTeamCountry "ESP"]

1. e4 e6 2. d4 d5 3. exd5 exd5 4. Nf3 Bd6 5. c4 dxc4 6. Bxc4 Nf6 7. O-O O-O 8.
Bg5 Nbd7 9. Nc3 Nb6 10. Bb3 Be7 11. Re1 Nfd5 12. Rxe7 Nxe7 13. Qe2 Re8 14. Re1
Bg4 15. Bxe7 Bxf3 16. gxf3 Qd7 17. Qe4 c6 18. Bc2 f5 19. Bb3+ Kh8 20. Qe6 Rad8
21. Re2 Qxe6 22. Rxe6 Rxd4 23. Bc5 Rdd8 24. Kg2 Nc8 25. f4 b6 26. Rxe8+ Rxe8
27. Be3 Nd6 28. Ne2 c5 29. Nc3 h6 30. a4 Re7 31. a5 c4 32. axb6 axb6 33. Ba4
Ra7 34. Bxb6 Ra6 35. Bc5 Ne4 36. Nxe4 fxe4 37. Bc2 Re6 38. Bd4 Kg8 39. Be5 Kf8
40. Bxe4 g5 41. Bd5 Rb6 42. Bxc4 gxf4 43. Kf3 1-0

[Event "Liga Madrileña - DH 2013-2014"]
[Site "Madrid ESP"]
[Date "2013.11.30"]
[Round "3.13"]
[White "Salcedo Tornero, Pablo"]
[Black "Martin Duque, Jesus"]
[Result "1/2-1/2"]
[WhiteElo "2130"]
[BlackElo "2233"]
[PlyCount "63"]
[EventDate "2013.11.18"]
[EventType "team-tourn"]
[EventRounds "14"]
[EventCountry "ESP"]
[Source "lmi"]
[SourceDate "2013.11.18"]
[WhiteTeam "San Fernando de Henares"]
[BlackTeam "Vallecas CDV"]
[WhiteTeamCountry "ESP"]
[BlackTeamCountry "ESP"]

1. e4 e6 2. d3 d5 3. Nd2 Nf6 4. Ngf3 c5 5. g3 Nc6 6. Bg2 Be7 7. O-O O-O 8. Re1
b5 9. e5 Nd7 10. Nf1 a5 11. h4 b4 12. N1h2 a4 13. Bg5 Ba6 14. Qd2 Rc8 15. Ng4
Nd4 16. c3 bxc3 17. bxc3 Nb5 18. Rac1 Nb6 19. Qf4 Kh8 20. Bf6 Nc7 21. Qg5 gxf6
22. exf6 Bxf6 23. Nxf6 Ne8 24. Nxh7 Kxh7 25. Qh5+ Kg7 26. Qg4+ Kh8 27. Re5 Nf6
28. Rh5+ Nxh5 29. Qxh5+ Kg7 30. Qg4+ Kh8 31. Qh5+ Kg7 32. Qg4+ 1/2-1/2

[Event "Liga Madrileña - DH 2013-2014"]
[Site "Madrid ESP"]
[Date "2013.11.30"]
[Round "3.14"]
[White "Montanes Arribas, Adrian"]
[Black "Jimenez Lopez, Antonio"]
[Result "1/2-1/2"]
[WhiteElo "2220"]
[BlackElo "2107"]
[PlyCount "94"]
[EventDate "2013.11.18"]
[EventType "team-tourn"]
[EventRounds "14"]
[EventCountry "ESP"]
[Source "lmi"]
[SourceDate "2013.11.18"]
[WhiteTeam "Vallecas CDV"]
[BlackTeam "San Fernando de Henares"]
[WhiteTeamCountry "ESP"]
[BlackTeamCountry "ESP"]

1. e4 c5 2. Nf3 e6 3. d4 cxd4 4. Nxd4 Nf6 5. Nc3 Nc6 6. Ndb5 Bb4 7. a3 Bxc3+ 8.
Nxc3 d5 9. exd5 exd5 10. Bd3 d4 11. Ne2 O-O 12. O-O Re8 13. Re1 Re5 14. b4 Bf5
15. b5 Bxd3 16. bxc6 Bxe2 17. Rxe2 Rxe2 18. cxb7 Rb8 19. Qxe2 Rxb7 20. Bg5 Rb6
21. Rd1 h6 22. Bh4 Qd6 23. Qd3 Ra6 24. Qxd4 Qxd4 25. Rxd4 Rxa3 26. Rd8+ Kh7 27.
Bxf6 gxf6 28. Rd1 Kg6 29. Kf1 Rc3 30. Rc1 Kf5 31. Ke2 Rc8 32. Kd3 Rg8 33. g3
Rd8+ 34. Ke3 Re8+ 35. Kf3 Rc8 36. c4 Ke5 37. Ke3 a5 38. Ra1 Ra8 39. f4+ Kd6 40.
Kd4 a4 41. Ra3 h5 42. c5+ Kc6 43. Kc4 f5 44. Kb4 Rb8+ 45. Kc4 Ra8 46. Kb4 Rb8+
47. Kc4 Ra8 1/2-1/2

[Event "Liga Madrileña - DH 2013-2014"]
[Site "Madrid ESP"]
[Date "2013.11.30"]
[Round "3.15"]
[White "Ocana Lameiro, Oliver"]
[Black "Madurga Lopez, Ignacio"]
[Result "1-0"]
[WhiteElo "2044"]
[BlackElo "2088"]
[PlyCount "109"]
[EventDate "2013.11.18"]
[EventType "team-tourn"]
[EventRounds "14"]
[EventCountry "ESP"]
[Source "lmi"]
[SourceDate "2013.11.18"]
[WhiteTeam "San Fernando de Henares"]
[BlackTeam "Vallecas CDV"]
[WhiteTeamCountry "ESP"]
[BlackTeamCountry "ESP"]

1. d4 Nf6 2. Nf3 c5 3. d5 e6 4. c4 b5 5. dxe6 fxe6 6. cxb5 d5 7. Bg5 Be7 8. e3
Nbd7 9. Nc3 Bb7 10. Bf4 O-O 11. Be2 Nh5 12. Bg3 Ndf6 13. Bh4 Ng4 14. Bxe7 Qxe7
15. O-O Qc7 16. g3 Nhf6 17. Ng5 Nxe3 18. fxe3 Qe5 19. Nf3 Qxe3+ 20. Kg2 d4 21.
Na4 Ng4 22. Qe1 Qh6 23. h4 Ne3+ 24. Kh2 Nxf1+ 25. Qxf1 Qe3 26. Re1 Rae8 27. Kg2
d3 28. Bd1 Qd2+ 29. Qf2 Qxf2+ 30. Kxf2 c4 31. Ke3 Rf5 32. g4 Rxb5 33. b3 Bxf3
34. Kxf3 cxb3 35. Bxb3 d2 36. Rd1 Re5 37. Rxd2 Rf8+ 38. Kg2 Rf4 39. Bd1 Ra5 40.
Nc3 Ra3 41. Nb5 Ra5 42. Nc7 e5 43. Bb3+ Kf8 44. Ne6+ Ke7 45. Nxf4 exf4 46. Kf3
g5 47. hxg5 Rxg5 48. Kxf4 Rb5 49. Rh2 Rb4+ 50. Kg3 a5 51. Rxh7+ Kf6 52. Ra7 Rb5
53. Rd7 Kg6 54. Rd5 Rxd5 55. Bxd5 1-0

[Event "Liga Madrileña - DH 2013-2014"]
[Site "Madrid ESP"]
[Date "2013.11.30"]
[Round "3.16"]
[White "Montoya Pecurul, Marc"]
[Black "Fernandez Gil, Ruben Carlos"]
[Result "1-0"]
[WhiteElo "2092"]
[BlackElo "2043"]
[PlyCount "53"]
[EventDate "2013.11.18"]
[EventType "team-tourn"]
[EventRounds "14"]
[EventCountry "ESP"]
[Source "lmi"]
[SourceDate "2013.11.18"]
[WhiteTeam "Vallecas CDV"]
[BlackTeam "San Fernando de Henares"]
[WhiteTeamCountry "ESP"]
[BlackTeamCountry "ESP"]

1. e4 e6 2. d4 d5 3. Nc3 Bb4 4. a3 Bxc3+ 5. bxc3 dxe4 6. Qg4 Nf6 7. Qxg7 Rg8 8.
Qh6 Rg6 9. Qe3 Qd5 10. c4 Qf5 11. Ne2 e5 12. Ng3 exd4 13. Qxd4 Qe6 14. Bf4 Nc6
15. Qe3 Ng4 16. Qxe4 Qxe4+ 17. Nxe4 Bf5 18. f3 Bxe4 19. fxe4 Re6 20. Bd3 f5 21.
O-O fxe4 22. Rae1 O-O-O 23. Bxe4 Rf6 24. Bg5 Rxf1+ 25. Rxf1 Rd4 26. Bf5+ Kb8
27. Bxg4 1-0

[Event "Liga Madrileña - DH 2013-2014"]
[Site "Madrid ESP"]
[Date "2013.12.01"]
[Round "3.21"]
[White "Alcazar Jimenez, Victor Manuel"]
[Black "Anton Guijarro, David"]
[Result "0-1"]
[WhiteElo "2368"]
[BlackElo "2553"]
[PlyCount "76"]
[EventDate "2013.11.18"]
[EventType "team-tourn"]
[EventRounds "14"]
[EventCountry "ESP"]
[Source "lmi"]
[SourceDate "2013.11.18"]
[WhiteTeam "Blanco y Negro"]
[BlackTeam "Virgen de Atocha"]
[WhiteTeamCountry "ESP"]
[BlackTeamCountry "ESP"]

1. c4 Nf6 2. Nc3 e5 3. g3 Nc6 4. Bg2 Bc5 5. e3 a6 6. Nge2 Ba7 7. O-O O-O 8. d4
d6 9. h3 Re8 10. d5 Ne7 11. e4 c6 12. b3 cxd5 13. cxd5 b5 14. b4 Bd7 15. Qd3
Ng6 16. Be3 Qb8 17. a3 h5 18. Nb1 h4 19. g4 a5 20. Nd2 Bxe3 21. Qxe3 Qa7 22.
Qxa7 Rxa7 23. Nb3 axb4 24. axb4 Ra4 25. Rxa4 bxa4 26. Na5 Bb5 27. Re1 Rc8 28.
Rc1 Rxc1+ 29. Nxc1 Nf4 30. Na2 Nxg2 31. Kxg2 Nxe4 32. f3 Nd2 33. Nc3 a3 34. Kf2
Kf8 35. Ke3 Nc4+ 36. Ke4 Nxa5 37. bxa5 Bc4 38. g5 Ke7 0-1

[Event "Liga Madrileña - DH 2013-2014"]
[Site "Madrid ESP"]
[Date "2013.12.01"]
[Round "3.22"]
[White "Almagro Llanas, Pablo"]
[Black "Alarcia Astriz, Carlos"]
[Result "1-0"]
[WhiteElo "2467"]
[BlackElo "2331"]
[PlyCount "71"]
[EventDate "2013.11.18"]
[EventType "team-tourn"]
[EventRounds "14"]
[EventCountry "ESP"]
[Source "lmi"]
[SourceDate "2013.11.18"]
[WhiteTeam "Virgen de Atocha"]
[BlackTeam "Blanco y Negro"]
[WhiteTeamCountry "ESP"]
[BlackTeamCountry "ESP"]

1. Nf3 Nf6 2. g3 e6 3. Bg2 c5 4. O-O Nc6 5. d3 d5 6. Nbd2 Bd6 7. e4 O-O 8. Re1
Qc7 9. Qe2 Nd7 10. c3 b6 11. Nh4 d4 12. f4 Be7 13. Nhf3 dxc3 14. bxc3 Ba6 15.
e5 Rfd8 16. Ne4 Nf8 17. Rd1 Rd7 18. Bb2 Rad8 19. c4 b5 20. Nf6+ gxf6 21. exf6
Nd4 22. Nxd4 cxd4 23. fxe7 Rxe7 24. cxb5 Bxb5 25. Ba3 Ree8 26. Qh5 f5 27. Rac1
Qa5 28. Bc5 Ba4 29. Re1 Qd2 30. Qg5+ Ng6 31. Qf6 Qxd3 32. Rxe6 Rxe6 33. Qxe6+
Kg7 34. Be7 Rd7 35. Qf6+ Kh6 36. Bf8+ 1-0

[Event "Liga Madrileña - DH 2013-2014"]
[Site "Madrid ESP"]
[Date "2013.12.01"]
[Round "3.23"]
[White "Renteria Becerra, Jorge Elicer"]
[Black "Rubio Mejia, Luis Ignacio"]
[Result "1/2-1/2"]
[WhiteElo "2311"]
[BlackElo "2452"]
[PlyCount "110"]
[EventDate "2013.11.18"]
[EventType "team-tourn"]
[EventRounds "14"]
[EventCountry "ESP"]
[Source "lmi"]
[SourceDate "2013.11.18"]
[WhiteTeam "Blanco y Negro"]
[BlackTeam "Virgen de Atocha"]
[WhiteTeamCountry "ESP"]
[BlackTeamCountry "ESP"]

1. e4 c5 2. Nf3 e6 3. d4 cxd4 4. Nxd4 Nc6 5. Nc3 Qc7 6. Be3 a6 7. Qd2 Nf6 8.
O-O-O Bb4 9. f3 O-O 10. g4 b5 11. Nxc6 dxc6 12. g5 Nh5 13. f4 e5 14. f5 Nf4 15.
a3 Be7 16. f6 gxf6 17. gxf6 Bxf6 18. Qd6 Qxd6 19. Rxd6 Be6 20. Rxc6 Rfc8 21.
Rxc8+ Rxc8 22. Bxf4 exf4 23. Nd5 Bxd5 24. exd5 f3 25. Rg1+ Kf8 26. Bd3 f2 27.
Rf1 Bd4 28. c3 Be3+ 29. Kd1 Ke7 30. Bxh7 Kd6 31. Be4 Ke5 32. Bg2 Rg8 33. Ke2
Rxg2 34. Kxe3 Rxh2 35. a4 Kxd5 36. axb5 axb5 37. Kf3 Rh6 38. Ke2 Rf6 39. b3 Rc6
40. Kd3 Rf6 41. c4+ bxc4+ 42. bxc4+ Kc5 43. Ke2 Kxc4 44. Rc1+ Kd4 45. Kf1 Ke3
46. Rc3+ Ke4 47. Rc4+ Kf3 48. Rc3+ Kg4 49. Ra3 Rf4 50. Rb3 f5 51. Ra3 Rb4 52.
Kxf2 Rb2+ 53. Kf1 f4 54. Rc3 f3 55. Rc8 Rb1+ 1/2-1/2

[Event "Liga Madrileña - DH 2013-2014"]
[Site "Madrid ESP"]
[Date "2013.12.01"]
[Round "3.24"]
[White "Fernandez Barrera, Victor"]
[Black "Garrido Olivares, Ricard"]
[Result "1/2-1/2"]
[WhiteElo "2313"]
[BlackElo "2216"]
[PlyCount "123"]
[EventDate "2013.11.18"]
[EventType "team-tourn"]
[EventRounds "14"]
[EventCountry "ESP"]
[Source "lmi"]
[SourceDate "2013.11.18"]
[WhiteTeam "Virgen de Atocha"]
[BlackTeam "Blanco y Negro"]
[WhiteTeamCountry "ESP"]
[BlackTeamCountry "ESP"]

1. e4 c6 2. d4 d5 3. exd5 cxd5 4. c4 Nf6 5. Nc3 Nc6 6. cxd5 Nxd5 7. Bc4 e6 8.
Nf3 Be7 9. O-O O-O 10. Re1 Bf6 11. Ne4 Be7 12. a3 a6 13. Ba2 b5 14. Qd3 Ra7 15.
Bb1 g6 16. Bh6 Re8 17. Ba2 Nf6 18. Rac1 Nxe4 19. Qxe4 Na5 20. d5 Bf6 21. b4 Nc4
22. Bxc4 bxc4 23. Qxc4 Bd7 24. Nd4 exd5 25. Qxd5 Ra8 26. Qd6 Rxe1+ 27. Rxe1 Ba4
28. Qxd8+ Rxd8 29. Nf3 Bc3 30. Rf1 f6 31. h4 Bb5 32. Rb1 Kf7 33. Be3 Rd3 34.
Bc5 Ke6 35. Ne1 Rd2 36. Nf3 Rd3 37. Ne1 Rd2 38. Nf3 Rd7 39. Rb3 Rd3 40. Rb1 Kf5
41. Ne1 Rd2 42. Nf3 Rd3 43. Ne1 Rd2 44. Nf3 Rd7 45. Rc1 Bb2 46. Rb1 Bxa3 47.
Nd4+ Ke4 48. Nc2 Rd3 49. Re1+ Kd5 50. Nxa3 Rxa3 51. Be7 f5 52. Rc1 Rd3 53. Bg5
Kd6 54. Be3 Ke6 55. Rc7 Rd7 56. Rc8 Ke5 57. Kh2 Rf7 58. Rd8 Rd7 59. Rc8 Rf7 60.
Bb6 Rd7 61. Bc7+ Ke6 62. Bb6 1/2-1/2